Imiona na W - Statystyki

Ogólne statystyki
  • Ten quiz został rozwiązany 42 razy
  • Średni wynik to 15 z 32
Statystyki odpowiedzi
Hint Odpowiedź % Poprawnych
m Wiktor
89%
m Wiesław
87%
ż Wiktoria
87%
ż Weronika
84%
ż Wiesława
84%
m Władysław
76%
m Wojciech
76%
m Wit
74%
m Wacław
71%
m Waldemar
71%
m Witold
68%
m Włodzimierz
68%
ż Waleria
66%
ż Wanda
66%
ż Władysława
63%
ż Wacława
55%
m Walenty
47%
ż Wioletta
42%
z Walentyna
37%
m Wisław
32%
ż Wisława
32%
ż Witolda
32%
ż Włodzimiera
29%
ż Wojciecha
29%
ż Wiola
21%
ż Wanesa
16%
m Wilhelm
8%
m Winicjusz
8%
m Wawrzyniec
5%
ż Wirginia
3%
m Wirginiusz
3%
m Walter
0%
Nie znaleziono quizów pasujących do podanych kryteriów
Rozkład punktacji
Procent ludzi z każdym wynikiem
Percentyl według liczby udzielonych odpowiedzi
Twoja historia wyników
Nie rozwiązałeś tego quizu